|
|
|
|
| LEADER |
00000nam a22000007a 4500 |
| 005 |
20150803152124.0 |
| 007 |
cr|||| |||| |
| 008 |
150803s2015 sp |||||s|||| 00||0 spa d |
| 020 |
|
|
|a 978-84-9085-314-6
|
| 035 |
|
|
|a 12795
|
| 040 |
|
|
|a vLex
|
| 090 |
|
|
|c 5496
|d 5496
|
| 100 |
1 |
|
|a Otero Gonzl̀ez, M® del Pilar
|
| 245 |
1 |
3 |
|a La libertad vigilada aplicada a ¿imputables?
|h [Recurso electrn̤ico] :
|b presente y futuro /
|c M® del Pilar Otero Gonzl̀ez
|
| 256 |
|
|
|a Servicio en ln̕ea
|
| 260 |
|
|
|a Madrid:
|b Dykinson,
|c 2015
|
| 300 |
|
|
|a 1 recurso electrn̤ico
|
| 500 |
|
|
|a Para supuestos como el llamado ±segundo violador del ensanche » de Barcelona se introdujo en el CP por la LO 5/2010 la medida de seguridad de libertad vigilada. La novedad fundamental de la misma es que se aplica a imputables peligrosos y que se impone en sentencia junto a la pena privativa de libertad para su cumplimiento posterior una vez extinguida la pena de prisin̤, lo que la convierte en un tertium genus entre pena y medida rompiendo el rg̕ido binomio establecido hasta ahora: medida de seguridad aplicable a los peligrosos inimputables frente a pena impuesta en funcin̤ de la culpabilidad por el hecho, aplicable a los imputables. Se estableci ̤la aplicacin̤ de esta medida, de forma obligatoria, a los condenados a pena de prisin̤ por uno o ms̀ delitos contra la libertad e indemnidad sexuales (art. 192 CP) y a los condenados a pena grave privativa de libertad por uno o ms̀ delitos de terrorismo (art. 579 CP). El Proyecto de modificacin̤ del Cd̤igo Penal (2013) ha ampliado extraordinariamente su m̀bito de aplicacin̤ a otros muchos delitos si bien su previsin̤ ahora es de carc̀ter facultativo. Se analizarǹ, por tanto, las ventajas e inconvenientes de esta medida, as ̕como el contenido de la misma en la regulacin̤ vigente y en el Proyecto, aportǹdose algunas sugerencias tčnicas de mejora.
|
| 506 |
1 |
|
|a Contenido disponible en los productos indicados
|d vLex Global
|d vLex Global (Academic Edition, excluding Law Schools)
|d vLex Global (U.S. Academic Edition, Law Schools)
|d vLex Global (U.S. Academic Edition, excluding Law Schools)
|d vLex Global (Academic Edition, Law Schools)
|
| 650 |
0 |
4 |
|a Libertad vigilada
|z Espaą
|
| 650 |
0 |
4 |
|a Derecho penal
|z Espaą
|
| 740 |
0 |
|
|a vLex Libros (Servicio en ln̕ea)
|
| 856 |
4 |
0 |
|u http://vlex.com/source/libertad-vigilada-aplicada-a-imputables-presente-y-futuro-12795
|z Acceso restringido
|
| 942 |
|
|
|c BOOK
|
| 999 |
0 |
|
|a Criminal Law
|
| 999 |
0 |
|
|a Arrest
|